| 000 | 00629cam a22002291 4500 | ||
|---|---|---|---|
| 001 | sa 68005037 | ||
| 003 | DLC | ||
| 005 | 20260227112505.0 | ||
| 008 | 890913s1967 ii b 000 0 hino | ||
| 010 | _asa 68005037 | ||
| 035 | _a(OCoLC)20336111 | ||
| 040 |
_aDLC _cWaU _dOCoLC _dDLC |
||
| 050 | 0 | 0 |
_aPN85 _b.U6 |
| 100 | 1 |
_aUpādhyāya, Devarāja, _d1908- |
|
| 245 | 1 | 0 | _aSāhityika śodha ke siddhānta aura samasyāem̐. |
| 260 | _c[1967] | ||
| 300 |
_a2, 2, 114 p. _c23 cm. |
||
| 500 | _aIn Hindi. | ||
| 504 | _aBibliographical footnotes. | ||
| 650 | 0 |
_aLiterature _xResearch. |
|
| 700 | 1 |
_aŚarmā, Rāmagopāla, _d1929- |
|
| 999 |
_c80490 _d80490 |
||